000
00253nam a2200109 a 4500
005
20140414131957.0
008
110209s19uu xx 00 eng d
050
_a
TR 551.56
_b
B32 2006
100
_a
Bauer, Jeff
245
_a
Lightning!.
999
_c
112950
_d
112950